LEADER 01324nam a2200241 i 4500 001 000000204951 003 CaOOAMICUS 005 20161019000000.0 008 161019s1989 it u000 u ita u 013 $a183684 040 $aSeMil$bita 100 1 $aBarbante, Enzo.$0(OLS)http://semarc/name/73827 245 13$aLa "figura" del prete nel magistero di Giovanni Battista Montini Arcivescovo :$bun caso di discernimento pastorale /$cElaborato scritto di Baccalaureato, autore : Barbante don Enzo ; moderatore : don Franco Gallivanone. 260 $aVenegono Inf. :$b[s.n.],$c1989. 300 $a69 p. ;$c29 cm. 500 $aIn testa al front : Facoltà Teologica dell'Italia Settentrionale, Sezione del Seminario Arcivescovile di Milano. 650 4$aMontini, Giovanni Battista <1897-1978> - Sacerdozio - Concezione.$0(OLS)http://semarc/subject/38582 700 1 $aGallivanone, Franco <1956->.$0(OLS)http://semarc/name/7412 850 $aSeMil 852 $aSeMil$W1$xVenegono$y1$m4X II 101$j155445$B155445$CSeMilBibl$Z2$F213897 $8L 961 $aOmaggio: Gallivanone don Franco 996 $6245$aLa "figura" del prete nel magistero di Giovanni Battista Montini Arcivescovo :$bun caso di discernimento pastorale$9(OLS)http://semarc/title/296811 996 $6260$aVenegono Inf. :$b[s.n.]$9(OLS)http://semarc/publisher/29944 LEADER 01489nam a2200325 i 4500 001 000000156548 003 CaOOAMICUS 005 20061206000000.0 008 061206s2005 be u000 u fre u 013 $a133903 020 $a90-5867-500-9 020 $a90-429-1601-X 040 $aSeMil$bita 100 1 $aLuciani, Didier,$d<1954- >.$0(OLS)http://semarc/name/7792 245 10$aGuide technique. 260 $aLeuven ; Paris ; Dudley (MA) :$bUitgeverij Peeters,$c2005. 260 $aLeuven :$bUniversity Press,$c2005. 300 $aP. 356-656. 490 0 $aBibliotheca Ephemeridum Theologicarum Lovaniensium ;$v185./B 500 $aContiene : Bibliographie (p. 552-656). 773 0 $aLuciani, Didier <1954- >$tSainteté et pardon.$dLeuven : University Press, 2005.$kBibliotheca Ephemeridum Theologicarum Lovaniensium$g2$w()16965 830 0$aBibliotheca Ephemeridum Theologicarum Lovaniensium ;$v185./B.$0(OLS)http://semarc/title/108 850 $aSeMil 852 $aSeMil$W1$xVenegono$y1$m2IA A 185/2$j108310$B108310$CSeMilBibl$Z2$F117872 $81 961 $aSottoscrizione: Glossa 996 $6020$a90-5867-500-9$9(OLS)http://semarc/number/146718 996 $6020$a90-429-1601-X$9(OLS)http://semarc/number/146719 996 $6245$aGuide technique$9(OLS)http://semarc/title/229459 996 $6260$aLeuven :$bUniversity Press$9(OLS)http://semarc/publisher/30124 996 $6260$aLeuven ; Paris ; Dudley (MA) :$bUitgeverij Peeters$9(OLS)http://semarc/publisher/34531